Welcome to WEB OPAC of MRSPTU Central Library

Industrial Management (Record no. 6722)

MARC details
000 -LEADER
fixed length control field 00430nam a2200169Ia 4500
008 - FIXED-LENGTH DATA ELEMENTS--GENERAL INFORMATION
fixed length control field 230711s9999||||xx |||||||||||||| ||und||
020 ## - INTERNATIONAL STANDARD BOOK NUMBER
International Standard Book Number 978-81-259-3710-4
041 ## - LANGUAGE CODE
Language code of text/sound track or separate title ENG
082 ## - DEWEY DECIMAL CLASSIFICATION NUMBER
Classification number 658.01
Item number BH-I
100 ## - MAIN ENTRY--PERSONAL NAME
Personal name Bhattacharyya,D.K
245 #0 - TITLE STATEMENT
Title Industrial Management
250 ## - EDITION STATEMENT
Edition statement 1st Ed.
260 ## - PUBLICATION, DISTRIBUTION, ETC.
Date of publication, distribution, etc. 2012
Place of publication, distribution, etc. New Delhi
Name of publisher, distributor, etc. Vikas Publishing House Pvt Ltd.
300 ## - PHYSICAL DESCRIPTION
Extent 528p.
650 ## - SUBJECT ADDED ENTRY--TOPICAL TERM
Topical term or geographic name entry element Mechanical Engineering
942 ## - ADDED ENTRY ELEMENTS (KOHA)
Koha item type Book
Holdings
Withdrawn status Lost status Damaged status Not for loan Collection Home library Current library Date acquired Source of acquisition Cost, normal purchase price Inventory number Total checkouts Full call number Barcode Date last seen Date last checked out Price effective from Koha item type
          MRSPTU Central Library MRSPTU Central Library 09/06/2043 Krishna Book Distributors 400.00 KBD/2017-2018/1019643059 1 658.01 BH-I 40041 02/10/2025 01/27/2025 08/17/2023 Book
          MRSPTU Central Library MRSPTU Central Library 09/06/2043 Krishna Book Distributors 400.00 KBD/2017-2018/1019643059   658.01 BH-I 40042 08/17/2023   08/17/2023 Book
          MRSPTU Central Library MRSPTU Central Library 09/06/2043 Krishna Book Distributors 400.00 KBD/2017-2018/1019643059   658.01 BH-I 40043 08/17/2023   08/17/2023 Book
          MRSPTU Central Library MRSPTU Central Library 09/06/2043 Krishna Book Distributors 400.00 KBD/2017-2018/1019643059   658.01 BH-I 40044 08/17/2023   08/17/2023 Book
          MRSPTU Central Library MRSPTU Central Library 09/06/2043 Krishna Book Distributors 400.00 KBD/2017-2018/1019643059   658.01 BH-I 40045 08/17/2023   08/17/2023 Book
          MRSPTU Central Library MRSPTU Central Library 09/06/2043 Krishna Book Distributors 400.00 KBD/2017-2018/1019643059   658.01 BH-I 40046 08/17/2023   08/17/2023 Book

Website Designed and Developed by MRSPTU Central Library Team

E-mail Id: librarian@mrsptu.ac.in